000 01020namaa2200313 i 4500
003 EG-GICUC
005 20260328122056.0
008 260328s2002 sy ||||jr|||| 000 0 ara d
017 _a2002 / 2 / 343
_bسوريا
040 _aEG-GiCUC
_bara
_cEG-GiCUC
_dEG-GiCUC
_erda
082 0 4 _221
_a810.9
_bI265
092 0 4 _221
_a810.9
_bI265
099 _a810.9 I265
100 1 _aاخلاصى، وليد
_eمؤلف.
245 1 0 _aفى الثقافة والحداثة /
_cوليد اخلاصى
250 _aالطبعة الاولى
264 _aدمشق (سوريا) :
_bدار الفاضل،
_c2002
300 _a172 صفحة ؛
_c24 سم
336 _2rdacontent
_atext
337 _2rdamedia
_aUnmediated
338 _2rdacarrier
_avolume
504 _a.
541 _aد./ جابر عصفور
_bالقاهرة ؛
_cإهداء ؛
_d2024.
650 1 7 _aالادب العربى
_xتاريخ ونقد
_2qrmak
650 1 7 _aالثقافة
_2qrmak
651 1 _2qrmak
905 _aAmira
942 _2ddc
_cBK
_e21
_n0
999 _c179064
_d179064